Human resource management : key concepts and skills

Αποθηκεύτηκε σε:
Λεπτομέρειες βιβλιογραφικής εγγραφής
Κύριος συγγραφέας: Beaumont, P. B. (Phil B.)
Μορφή: Βιβλίο
Γλώσσα:English
Δημοσίευση: London : Sage Publications, 1993
Θέματα:
Ετικέτες: Προσθήκη ετικέτας
Δεν υπάρχουν, Καταχωρήστε ετικέτα πρώτοι!

MARC

LEADER 00000nam a2200000 i 4500
001 1/55965
008 980428s1993 eng d
020 |a 080398815X 
035 |l 10027942 
040 |a GR-MY-UA  |b gre  |e aacr 
041 0 |a eng 
082 0 |a 658.3 
100 1 |a Beaumont, P. B.  |q (Phil B.) 
245 1 0 |a Human resource management :  |b key concepts and skills /  |c P.B.Beaumont 
260 |a London :   |b Sage Publications,   |c 1993 
300 |a xi, 225 p. 
504 |a Includes index 
650 0 0 |a Personnel management. 
852 |a INST  |b CHIOS  |e 19990319  |h 658.3 BEA  |p 005200014545  |q 005200014545  |t BK  |y 0 
852 |a INST  |b CHIOS  |e 19980428  |h 658.3 BEA  |p 005200016626  |q 005200016626  |t BK  |y 0 
901 |a BIBL-1998-1 
909 |a Χ  |b 054424 
909 |a Χ  |b 055653 
922 |a 2ΕΛΗ  |b 199803  |c ΤΔΕ  |d ΠΑΠΑΣΩΤΗΡΙΟΥ 
922 |a 2ΔΩΡ  |b 199903  |c ΜΕΤΑΠΤΥΧΙΑΚΟ ΤΟΥΡΙΣΜΟΥ